00347nam a2200097Ia 4500008004100000245005400041245005000095260000900145650004700154856004800201171204s9999 xx 000 0 und d aPsychotherapy with Families: An Analytic Approach cBeta Copley, Jeanne Magagna, and Sally J. Box c2015 xPSYCHOLOGICAL COUNSELING AND PSYCHOTHERAPY uhttp://down.ebook777.com/033/1138887889.pdf